000 00838nam a2200253Ia 4500
003 OSt
005 20221005093936.0
006 a|||||r|||| 00| 0
007 ta
008 221004b |||||||| |||| 00| 0 eng d
020 _a9781405162548 (pbk)
_c1209.07
024 _a98949
037 _b04932, 18/09/2009, Atlantic Publisher & Dist. Pvt Ltd.
_cTextual
040 _aCRL
_cCRL
_beng
041 _2eng
_aeng
082 _aT15:7(Y:45), P8
100 _aRigby Ken
_9604194
245 0 _aChildren and bullying
_b How parents and educators can reduce bullying at school
260 _aOxford
_bBlackwell Publishing
_c2008
300 _axiv,232p.
_ccm.
650 _aEDUCATION
942 _hT15:7(Y:45), P8
_cTEXL
_2cc
999 _c1001169
_d1001169